000 02405nam0a22003371 4500
001 v19\rc\1509773
005 20260406075411.0
035 _a(NLR Aleph) 004634928
090 _a3216838
_c3216838
100 _a20060620e18851884|||y0rusy50 ca
101 0 _arus
102 _aRU
105 _ay z |||||
200 1 _aПодвижник Нило-Сорской пустыни иеросхимонах Нил
205 _aИзд. Афонского рус. Пантелеймонова монастыря
210 _aМосква
_cтип. И. Ефимова
_d1885
215 _a125 с.
300 _aВ конце текста авт.: Андрей Ковалевский
311 _aИз журн. Душеполезное чтение, 1884 г.
327 0 _aВ кн. также: Нило-Сорской пустыни подвижника иеросхимонаха Нила, молитвы к пресвятой Богородице на всякий день седьмицы и Проповедь иеросхимонаха Нила в день памяти преподобного Нила Сорского чудотворца, 7 мая
464 0 _12001#$aНило-Сорския пустыни подвижника иеросхимонаха Нила, молитвы к пресвятой Богородице на всякий день седьмицы$aПроповедь иеросхимонаха Нила в день памяти преподобного Нила Сорского чудотворца, 7 мая
_1700#0$3RU\NLR\AUTH\770271274$aНил$cПрихудалов, Николай Иванович$cиеросхимонах$f1801-1870
_tПроповедь иеросхимонаха Нила в день памяти преподобного Нила Сорского чудотворца, 7 мая
_aНил (иеросхимонах ; 1801-1870)
488 0 _12001#$aДушеполезное чтение$v1884
_tДушеполезное чтение
700 1 _8rus
_7ca
_aКовалевский
_bА. Ф.
_f1840-1901
_gАндрей Федорович
_3RU\NLR\AUTH\7738342
_921326
702 0 _4570
_8rus
_7ca
_aНил Сорский
_cсвятой
_fок.1433-1508
_3RU\NLR\AUTH\77651
_9110694
801 0 _aRU
_bNLR
_gpsbo
801 1 _aRU
_bProSoft-M
_2rusmarc
852 _aNLR
_j20.90.2.15
852 _aNLR
_j18.202.2.285
942 _cBOOK
980 _aNB